000 00244nam a2200097Ia 4500
001 677848
005 20250826161026.0
008 250824s9999 xx 000 0 und d
245 0 _ahavacılık ve uzay
_cLindsey Lowe
260 _bTÜBİTAK YAYINLARI
999 _c677848
_d677848